| 000 | 00569nam a2200169 i 4500 | ||
|---|---|---|---|
| 001 | 94283 | ||
| 003 | ES-MaACL | ||
| 005 | 20230906181437.0 | ||
| 007 | t| | ||
| 008 | 050427s1965 sp ||||1| spa d | ||
| 100 | 1 |
_aLópez Tamés, Román. _973993 |
|
| 245 | 1 | 3 |
_aEl estado libre asociado de Puerto Rico / _cRomán López Tames; prólogo del Dr. D. Luis Sela y Sampiel... |
| 260 |
_aOviedo : _bPublicaciones del Instituto de Estudios Jurídicos, _c1965. |
||
| 300 |
_a284 p. ; _c22 cm. |
||
| 700 | 0 |
_aSela Sampil, Luis. _9105288 |
|
| 852 |
_aES-MaACL _jC-28250 _bR.57641 |
||
| 999 |
_c94283 _d94283 |
||